书目信息 |
| 题名: |
走不出的雨季
|
|
| 作者: | 刘金波 选编 | |
| 分册: | ||
| 出版信息: | 武汉 武汉测绘科技大学出版社 2000.03 |
|
| 页数: | 216页 | |
| 开本: | 32开 | |
| 丛书名: | ||
| 单 册: | ||
| 中图分类: | I267 | |
| 科图分类: | ||
| 主题词: | 散文--中国 , 散文--作品综合集--中国 | |
| 电子资源: | ||
| ISBN: | 7-81030-740-1 | |
| 000 | 00585nam0 2200205 45 | |
| 001 | 0009061648 | |
| 005 | 20000906162753.8 | |
| 010 | @a7-81030-740-1@d12.00元 | |
| 100 | @a20000906d2000 km y0chiy0120 ea | |
| 101 | 0 | @achi |
| 105 | @a z 000yy | |
| 200 | 1 | @a走不出的雨季@AZou Bu Chu De Yu Ji@f刘金波选编@FLiu Jin Bo Xuan Bian |
| 210 | @a武汉@c武汉测绘科技大学出版社@d2000.03 | |
| 215 | @a216页@d32开 | |
| 606 | 0 | @a散文@x中国 |
| 606 | 0 | @a散文@x作品综合集@x中国 |
| 690 | @aI267@v3 | |
| 701 | 0 | @a刘金波@4选编 |
| 801 | @aCN@bPftUser@c20000906 | |
| 905 | @b122810-814@dI267@eL061@f5 | |
| 走不出的雨季/刘金波选编.-武汉:武汉测绘科技大学出版社,2000.03 |
| 216页;32开 |
| ISBN 7-81030-740-1:12.00元 |
| ● |
| 相关链接 |
|
|
|
正题名:走不出的雨季
索取号:I267/L061
 
预约/预借
| 序号 | 登录号 | 条形码 | 馆藏地/架位号 | 状态 | 备注 |
| 1 | 122810 | 201228108 | 文学库116/ [索取号:I267/L061] | 在馆 | |
| 2 | 122811 | 201228117 | 文学库116/ [索取号:I267/L061] | 在馆 | |
| 3 | 122812 | 201228126 | 文学库116/ [索取号:I267/L061] | 在馆 | |
| 4 | 122813 | 201228135 | 文学库116/ [索取号:I267/L061] | 在馆 | |
| 5 | 122814 | 201228144 | 社科二线422/422社科库 28排4列4层/ [索取号:I267/L061] | 在馆 |